Choose The Only Four II Quiz Stats

 Plays Quiz Updated Dec 19, 2015

Challenge
Share
Tweet
Embed
Score 0/48 Timer 05:00
9 Plays Today
% Correct
Kennedy
90.4%
Lincoln
90%
L'Oréal
88.7%
Cars
88.4%
Quebec
88.3%
Clarinet
88.1%
Ontario
87.9%
Ratatouille
87.6%
McKinley
87.6%
Maybelline
86.7%
Prosciutto
86.4%
Oboe
86.3%
Picasso
86.3%
Alberta
85.9%
Garfield
85.2%
Monet
84.9%
Up
84.8%
Piccolo
84.2%
Bassoon
83.9%
Clinique
83.3%
Brave
82.9%
Revlon
82.7%
Diana
82.1%
Pancetta
81.6%
% Correct
Manitoba
79.9%
Dalí
79.8%
Mary
79.5%
Barbara
77.4%
Sochi
75.4%
Oslo
72.1%
Malbec
68.9%
Florence
67.7%
Accra
65.5%
Bresaola
61%
Lomé
59.1%
Grenache
58.2%
Nagano
54.9%
Syrah
54%
Juba
53.9%
Ma-Ti
52.7%
Turin
52.2%
Gi
48.6%
Tempranillo
48.4%
Kwame
45.2%
Linka
42.7%
Coppa
38.7%
Praia
32%
Lichtenstein
30%

You're not logged in!

Compare scores with friends on all Sporcle quizzes.
OR
Log In

You Might Also Like...

Show Comments

Extras

Top Quizzes Today


Score Distribution

Your Account Isn't Verified!

In order to create a playlist on Sporcle, you need to verify the email address you used during registration. Go to your Sporcle Settings to finish the process.

Report this User

Report this user for behavior that violates our Community Guidelines.

Details: